Mediálna výchova ako súčasť celoživotného vzdelávania učiteľov

So zreteľom na nárast problémového správania detí a mládeže v kyberpriestore, je nevyhnutné ďalšie vzdelávanie učiteľov v oblasti mediálnej výchovy. Prostredníctvom ďalšieho vzdelávania sa nielen rozširujú profesijné kompetencie učiteľov uplatniteľné pri výučbe mediálnej výchovy, ale dochádza aj k c...

Descripción completa

Guardado en:
Detalles Bibliográficos
Autor principal: Dulovics, Mário
Formato: Capítulo de libro
Lenguaje:eslovaco
Materias:
Etiquetas: Agregar Etiqueta
Sin Etiquetas, Sea el primero en etiquetar este registro!

MARC

LEADER 00000naa a2200000 4500
001 0246353
005 20210924104440.6
041 0 |a slo 
044 |a SK 
245 1 0 |a Mediálna výchova ako súčasť celoživotného vzdelávania učiteľov  |c Mário Dulovics 
520 |a So zreteľom na nárast problémového správania detí a mládeže v kyberpriestore, je nevyhnutné ďalšie vzdelávanie učiteľov v oblasti mediálnej výchovy. Prostredníctvom ďalšieho vzdelávania sa nielen rozširujú profesijné kompetencie učiteľov uplatniteľné pri výučbe mediálnej výchovy, ale dochádza aj k celkovému zefektívneniu jej kvalitatívnej úrovne a k rozvíjaniu preventívneho potenciálu, ktorý v sebe mediálna výchova bezpochybne zahŕňa. 
610 2 0 |a vzdelávanie celoživotné 
610 2 0 |a učitelia 
610 2 0 |a školstvo 
610 2 0 |a médiá 
610 2 0 |a výchova mediálna 
610 2 0 |a technológie informačné 
610 2 0 |a technológie komunikačné 
100 1 |a Dulovics, Mário